| 000 -ლიდერი |
| ფიქსირებული სიგრძის საკონტროლო ველი |
00912nam a22002057a 4500 |
| 003 - საკონტროლო ნომრის იდენტიფიკატორი |
| საკონტროლო ველი |
Ge_BSU |
| 005 - ბოლო ოპერაციის თარიღი და დრო |
| საკონტროლო ველი |
20241119115053.0 |
| 008 - ფიქსირებული სიგრძის მონაცემთა ელემენტები - ზოგადი ინფორმაცია |
| ფიქსირებული სიგრძის საკონტროლო ველი |
241119s1958 ge ||||| |||| 00| 0 geo d |
| 041 ## - ენის კოდი |
| Language code of text/sound track or separate title |
geo |
| 080 ## - უნივერსალური ათობითი კლასიფიკაციის ინდექსი |
| Universal Decimal Classification number |
612.821.7 კ-78 |
| 100 ## - მთავარი ჩანაწერი - პიროვნების სახელი |
| Personal name |
კოსიცკი, გ.ი. |
| 9 (RLIN) |
23735 |
| 245 ## - ცნობა სათაურის შესახებ |
| Title |
რა ვიცით ძილის შესახებ ი.პ. პავლოვის შრომების შემდეგ / |
| Statement of responsibility, etc |
გ.ი. კოსიცკი |
| 250 ## - გამოცემის ცნობა |
| Edition statement |
მე-2 გამოცემა |
| 264 ## - წარმოების, გამოცემის, დისტრიბუციის და სხვა ცნობები |
| გამოცემის, წარმოების, დისტრიბუციის... ადგილი |
თბილისი : |
| გამოცემის, წარმოების, დისტრიბუციის... სახელწოდება |
საბჭ. საქართველო, |
| გამოცემის, წარმოების, დისტრიბუციის... თარიღი |
1958. |
| 300 ## - ფიზიკური აღწერა |
| Extent |
81 გვ. : |
| Other physical details |
ილ. ; |
| Dimensions |
21 სმ. |
| 440 ## - სერიის ცნობა / დამატებულია ჩანაწერი - სათაური |
| Title |
სანიტარული განათლების ბიბლიოთეკა |
| 9 (RLIN) |
23736 |
| 653 ## - INDEX TERM--UNCONTROLLED |
| Uncontrolled term |
რა ვიცით ძილის შესახებ |
| 653 ## - INDEX TERM--UNCONTROLLED |
| Uncontrolled term |
მედიცინა |
| 942 ## - ADDED ENTRY ELEMENTS (KOHA) |
| Source of classification or shelving scheme |
|
| Koha item type |
წიგნი |